Loading...
| Beliefs | 1 | 6 | 1 | 3 | 70 | 62 | 122.71 | 2 | 7 |
| 1 | 5 | 1 | 2 | 60 | 72 | 101.00 | 6 | 6 | |
| Literature - European Literature | 3 | 2 | 1 | 0 | 60 | 30 | 65.20 | 3 | 5 |
| Philosophy | 1 | 3 | 2 | 0 | 35 | 72 | 82.00 | 1 | 4 |
| Literature - British Literature | 2 | 1 | 1 | 0 | 35 | 50 | 69.00 | 1 | 3 |
| Social Science | 0 | 3 | 1 | 0 | 25 | 73 | 96.00 | 1 | 3 |
| Fine Arts - Visual Fine Arts | 1 | 0 | 0 | 0 | 15 | 73 | 73.00 | 1 | 1 |
| Fine Arts - Auditory Fine Arts | 1 | 0 | 0 | 0 | 15 | 62 | 62.00 | 0 | 1 |
| Literature - American Literature | 1 | 0 | 0 | 0 | 15 | 76 | 76.00 | 1 | 1 |
| Current Events | 0 | 1 | 0 | 0 | 10 | 105 | 105.00 | 0 | 1 |
| History - American History | 0 | 1 | 0 | 1 | 10 | 138 | 138.00 | 1 | 1 |
| Chemistry> | 0 | 1 | 0 | 0 | 10 | 86 | 86.00 | 1 | 1 |
| Other Arts: Visual | 1 | 0 | 1 | 0 | 10 | 49 | 49.00 | 1 | 1 |
| Religion | 0 | 1 | 0 | 1 | 10 | 151 | 151.00 | 1 | 1 |
| Science - Physics | 0 | 0 | 1 | 0 | -5 | 0.00 | 0 | 0 | |
| Other Science: Math | 0 | 0 | 1 | 0 | -5 | 0.00 | 0 | 0 | |
| History - European History | 0 | 0 | 1 | 0 | -5 | 0.00 | 0 | 0 |